BIBLIOTECA

SENCICO

Tecnología electrónica (Registro nro. 906)

Detalles MARC
000 -LEADER
fixed length control field 00994nam a2200325Ia 4500
005 - DATE AND TIME OF LATEST TRANSACTION
control field 20251020182453.0
008 - FIXED-LENGTH DATA ELEMENTS--GENERAL INFORMATION
fixed length control field 200515s9999 xx 000 0 und d
020 ## - INTERNATIONAL STANDARD BOOK NUMBER
International Standard Book Number 84-283-2044-6
082 ## - DEWEY DECIMAL CLASSIFICATION NUMBER
Classification number 621.384/G68
100 ## - MAIN ENTRY--PERSONAL NAME
Personal name Gómez de Tejada, Luis
245 #0 - TITLE STATEMENT
Title Tecnología electrónica
250 ## - EDITION STATEMENT
Edition statement 21a ed.
260 ## - PUBLICATION, DISTRIBUTION, ETC.
Place of publication, distribution, etc. Madrid
260 ## - PUBLICATION, DISTRIBUTION, ETC.
Name of publisher, distributor, etc. Paraninfo
260 ## - PUBLICATION, DISTRIBUTION, ETC.
Date of publication, distribution, etc. 1996
300 ## - PHYSICAL DESCRIPTION
Extent 512 p.
300 ## - PHYSICAL DESCRIPTION
Other physical details tbl., graf.
500 ## - GENERAL NOTE
General note 1 ejemplar
520 ## - SUMMARY, ETC.
Summary, etc. Perfectamente tematizada en el seguimiento y evolución de la electrónica, y con apoyo de multitud de esquemas, figuras y circuitos, el lector, incluso el menos iniciado en la materia, capta y aprende rápidamente todo el desarrollo y secretos de esta tecno
650 ## - SUBJECT ADDED ENTRY--TOPICAL TERM
Topical term or geographic name entry element CIRCUITOS
650 ## - SUBJECT ADDED ENTRY--TOPICAL TERM
Topical term or geographic name entry element CORRIENTE ALTERNA
650 ## - SUBJECT ADDED ENTRY--TOPICAL TERM
Topical term or geographic name entry element ELECTRICIDAD
650 ## - SUBJECT ADDED ENTRY--TOPICAL TERM
Topical term or geographic name entry element ELECTROMAGNETISMO
650 ## - SUBJECT ADDED ENTRY--TOPICAL TERM
Topical term or geographic name entry element ELECTRONES
650 ## - SUBJECT ADDED ENTRY--TOPICAL TERM
Topical term or geographic name entry element ELECTRONICA
650 ## - SUBJECT ADDED ENTRY--TOPICAL TERM
Topical term or geographic name entry element MAGNETISMO
650 ## - SUBJECT ADDED ENTRY--TOPICAL TERM
Topical term or geographic name entry element TRANSISTORES
942 ## - ADDED ENTRY ELEMENTS (KOHA)
Koha item type Libros
Existencias
Fecha de la última vez que lo usaron Pago total Signatura topográfica completa Código de barras Precio efectivo desde Tipo de documento Estado perdido Estado dañado No es para préstamo Retirado Ubicación permanente Ubicación actual Fecha de adquisición
15/05/2020   621.384/G68 Bib-Lima15050906 15/05/2020 Libros         Biblioteca Central Lima Biblioteca Central Lima 15/05/2020